<?xml version="1.0" encoding="UTF-8"?>
<collection xmlns="http://www.loc.gov/MARC21/slim">
 <record>
  <leader>02340cam a2200517  a4500</leader>
  <controlfield tag="001">1486464165</controlfield>
  <controlfield tag="003">DE-627</controlfield>
  <controlfield tag="005">20241008141416.0</controlfield>
  <controlfield tag="007">tu</controlfield>
  <controlfield tag="008">141104n20uuuuuune ||||| b    00| ||eng c</controlfield>
  <datafield tag="020" ind1=" " ind2=" ">
   <subfield code="a">9789061945819</subfield>
   <subfield code="9">978-90-6194-581-9</subfield>
  </datafield>
  <datafield tag="024" ind1="3" ind2=" ">
   <subfield code="a">9789061945819</subfield>
  </datafield>
  <datafield tag="035" ind1=" " ind2=" ">
   <subfield code="a">(DE-627)1486464165</subfield>
  </datafield>
  <datafield tag="035" ind1=" " ind2=" ">
   <subfield code="a">(DE-576)416464165</subfield>
  </datafield>
  <datafield tag="035" ind1=" " ind2=" ">
   <subfield code="a">(DE-599)BSZ416464165</subfield>
  </datafield>
  <datafield tag="040" ind1=" " ind2=" ">
   <subfield code="a">DE-627</subfield>
   <subfield code="b">ger</subfield>
   <subfield code="c">DE-627</subfield>
   <subfield code="e">rakwb</subfield>
  </datafield>
  <datafield tag="041" ind1=" " ind2=" ">
   <subfield code="a">eng</subfield>
  </datafield>
  <datafield tag="044" ind1=" " ind2=" ">
   <subfield code="c">XA-NL</subfield>
  </datafield>
  <datafield tag="050" ind1=" " ind2="0">
   <subfield code="a">Z1001-9000</subfield>
  </datafield>
  <datafield tag="082" ind1="0" ind2=" ">
   <subfield code="a">010</subfield>
  </datafield>
  <datafield tag="084" ind1=" " ind2=" ">
   <subfield code="a">AN 21200</subfield>
   <subfield code="q">DE-24/24sred</subfield>
   <subfield code="2">rvk</subfield>
   <subfield code="0">(DE-625)rvk/5836:</subfield>
  </datafield>
  <datafield tag="090" ind1=" " ind2=" ">
   <subfield code="a">a</subfield>
  </datafield>
  <datafield tag="245" ind1="1" ind2="0">
   <subfield code="a">Jan Moretus and the continuation of the Plantin press</subfield>
   <subfield code="b">a bibliography of the works published and printed by Jan Moretus I in Antwerp (1589 - 1610)</subfield>
   <subfield code="c">by Dirk Imhof</subfield>
  </datafield>
  <datafield tag="264" ind1=" " ind2="1">
   <subfield code="a">Leiden</subfield>
   <subfield code="b">Brill</subfield>
   <subfield code="c">20XX-</subfield>
  </datafield>
  <datafield tag="264" ind1=" " ind2="1">
   <subfield code="a">[Houten]</subfield>
   <subfield code="b">HES &amp; De Graaf Publishers</subfield>
   <subfield code="c">20XX-</subfield>
  </datafield>
  <datafield tag="336" ind1=" " ind2=" ">
   <subfield code="a">Text</subfield>
   <subfield code="b">txt</subfield>
   <subfield code="2">rdacontent</subfield>
  </datafield>
  <datafield tag="337" ind1=" " ind2=" ">
   <subfield code="a">ohne Hilfsmittel zu benutzen</subfield>
   <subfield code="b">n</subfield>
   <subfield code="2">rdamedia</subfield>
  </datafield>
  <datafield tag="338" ind1=" " ind2=" ">
   <subfield code="a">Band</subfield>
   <subfield code="b">nc</subfield>
   <subfield code="2">rdacarrier</subfield>
  </datafield>
  <datafield tag="490" ind1="0" ind2=" ">
   <subfield code="a">Bibliotheca bibliographica Neerlandica</subfield>
   <subfield code="a">Series maior</subfield>
   <subfield code="v">Vol. 3, ...</subfield>
  </datafield>
  <datafield tag="655" ind1=" " ind2="7">
   <subfield code="a">Bibliografie</subfield>
   <subfield code="0">(DE-588)4006432-3</subfield>
   <subfield code="0">(DE-627)104814519</subfield>
   <subfield code="0">(DE-576)208865578</subfield>
   <subfield code="2">gnd-content</subfield>
  </datafield>
  <datafield tag="689" ind1="0" ind2="0">
   <subfield code="d">p</subfield>
   <subfield code="0">(DE-588)119333910</subfield>
   <subfield code="0">(DE-627)184513855</subfield>
   <subfield code="0">(DE-576)212152319</subfield>
   <subfield code="a">Moretus, Jan</subfield>
   <subfield code="d">1543-1610</subfield>
   <subfield code="2">gnd</subfield>
  </datafield>
  <datafield tag="689" ind1="0" ind2="1">
   <subfield code="d">b</subfield>
   <subfield code="0">(DE-588)10105548-1</subfield>
   <subfield code="0">(DE-627)731449215</subfield>
   <subfield code="0">(DE-576)200323024</subfield>
   <subfield code="a">Officina Plantiniana</subfield>
   <subfield code="2">gnd</subfield>
  </datafield>
  <datafield tag="689" ind1="0" ind2="2">
   <subfield code="d">s</subfield>
   <subfield code="0">(DE-588)4013134-8</subfield>
   <subfield code="0">(DE-627)104665548</subfield>
   <subfield code="0">(DE-576)208901906</subfield>
   <subfield code="a">Druckwerk</subfield>
   <subfield code="2">gnd</subfield>
  </datafield>
  <datafield tag="689" ind1="0" ind2="3">
   <subfield code="a">z</subfield>
   <subfield code="2">gnd</subfield>
   <subfield code="a">Geschichte 1589-1610</subfield>
  </datafield>
  <datafield tag="689" ind1="0" ind2=" ">
   <subfield code="5">(DE-627)</subfield>
  </datafield>
  <datafield tag="700" ind1="1" ind2=" ">
   <subfield code="a">Imhof, Dirk</subfield>
   <subfield code="0">(DE-588)1055795022</subfield>
   <subfield code="0">(DE-627)792713125</subfield>
   <subfield code="0">(DE-576)411194488</subfield>
   <subfield code="4">oth</subfield>
  </datafield>
  <datafield tag="787" ind1="0" ind2="8">
   <subfield code="i">Rezensiert in</subfield>
   <subfield code="a">Büttner, Nils, 1967 - </subfield>
   <subfield code="t">[Rezension von: Jan Moretus and the continuation of the Plantin press]</subfield>
   <subfield code="d">Regensburg : Verlag Schnell &amp; Steiner GmbH, 2016</subfield>
   <subfield code="w">(DE-627)1688079505</subfield>
  </datafield>
  <datafield tag="935" ind1=" " ind2=" ">
   <subfield code="i">sf</subfield>
  </datafield>
  <datafield tag="936" ind1="r" ind2="v">
   <subfield code="a">AN 21200</subfield>
   <subfield code="b">Geschichte einzelner Drucker und Werkstätten</subfield>
   <subfield code="k">Allgemeines</subfield>
   <subfield code="k">Buch- und Bibliothekswesen, Informationswissenschaft</subfield>
   <subfield code="k">Buchwesen</subfield>
   <subfield code="k">Geschichte des Buchdrucks</subfield>
   <subfield code="k">Geschichte einzelner Drucker und Werkstätten</subfield>
   <subfield code="0">(DE-627)1270676601</subfield>
   <subfield code="0">(DE-625)rvk/5836:</subfield>
   <subfield code="0">(DE-576)200676601</subfield>
  </datafield>
  <datafield tag="951" ind1=" " ind2=" ">
   <subfield code="a">MC</subfield>
  </datafield>
  <datafield tag="990" ind1=" " ind2=" ">
   <subfield code="a">Moretus, Jan</subfield>
  </datafield>
  <datafield tag="990" ind1=" " ind2=" ">
   <subfield code="a">Officina Plantiniana</subfield>
  </datafield>
  <datafield tag="990" ind1=" " ind2=" ">
   <subfield code="a">Druckwerk</subfield>
  </datafield>
  <datafield tag="990" ind1=" " ind2=" ">
   <subfield code="a">Geschichte 1589-1610</subfield>
  </datafield>
  <datafield tag="991" ind1=" " ind2=" ">
   <subfield code="a">Rezensiertes Werk</subfield>
  </datafield>
  <datafield tag="999" ind1=" " ind2=" ">
   <subfield code="a">KXP-PPN1486464165</subfield>
   <subfield code="e">4113068704</subfield>
  </datafield>
 </record>
</collection>
